<?xml version="1.0" encoding="UTF-8"?>
<record
    xmlns:xsi="http://www.w3.org/2001/XMLSchema-instance"
    xsi:schemaLocation="http://www.loc.gov/MARC21/slim http://www.loc.gov/standards/marcxml/schema/MARC21slim.xsd"
    xmlns="http://www.loc.gov/MARC21/slim">

  <leader>03025cam a22003974i 4500</leader>
  <controlfield tag="003">PE-LiUPU</controlfield>
  <controlfield tag="005">20250731183436.0</controlfield>
  <controlfield tag="008">150706s2011    nyua    r     000 0 eng d</controlfield>
  <datafield tag="020" ind1=" " ind2=" ">
    <subfield code="a">9781935202462</subfield>
  </datafield>
  <datafield tag="035" ind1=" " ind2=" ">
    <subfield code="a">(Sirsi) i9781935202462</subfield>
  </datafield>
  <datafield tag="040" ind1=" " ind2=" ">
    <subfield code="a">PE-LiUPU</subfield>
    <subfield code="b">spa</subfield>
    <subfield code="c">PE-LiUPU</subfield>
    <subfield code="e">rda</subfield>
  </datafield>
  <datafield tag="049" ind1=" " ind2=" ">
    <subfield code="a">PRUA</subfield>
  </datafield>
  <datafield tag="082" ind1="0" ind2="4">
    <subfield code="a">720.22</subfield>
    <subfield code="b">J72</subfield>
    <subfield code="2">21</subfield>
  </datafield>
  <datafield tag="100" ind1="1" ind2=" ">
    <subfield code="a">Jones, Will,</subfield>
    <subfield code="e">autor.</subfield>
  </datafield>
  <datafield tag="245" ind1="1" ind2="0">
    <subfield code="a">Architects' sketchbooks /</subfield>
    <subfield code="c">Will Jones.</subfield>
  </datafield>
  <datafield tag="264" ind1=" " ind2="1">
    <subfield code="a">New York :</subfield>
    <subfield code="b">Metropolis Magazine,</subfield>
    <subfield code="c">2011.</subfield>
  </datafield>
  <datafield tag="300" ind1=" " ind2=" ">
    <subfield code="a">351 p&#xE1;ginas :</subfield>
    <subfield code="b">ilustraciones ;</subfield>
    <subfield code="c">23 cent&#xED;metros</subfield>
  </datafield>
  <datafield tag="336" ind1=" " ind2=" ">
    <subfield code="a">text</subfield>
    <subfield code="2">rdacontent</subfield>
  </datafield>
  <datafield tag="337" ind1=" " ind2=" ">
    <subfield code="a">unmediated</subfield>
    <subfield code="2">rdamedia</subfield>
  </datafield>
  <datafield tag="338" ind1=" " ind2=" ">
    <subfield code="a">volume</subfield>
    <subfield code="2">rdacarrier</subfield>
  </datafield>
  <datafield tag="505" ind1="0" ind2=" ">
    <subfield code="a">Foreword-Narinder Sagoo -- Blood, sweat and pencil- Will Jones -- 3Deluxe -- A4 studio -- Ben Addy -- Agathom Co -- Will Alsop -- Architects atelier ryo abe -- Shigeru Ban -- Julio Barreno -- C. Errol Barron -- Bercy Chen studio Lp -- Boidot Robin architects -- BPR -- Brent Buck -- Casagrande Laboratory -- Nat Chard -- Laurie Chetwood -- Prue Chiles -- Cindy Rendely  architexture -- Peter Clash -- Frank Clementi -- Caleb Crawford -- Jeanne Dekkers -- Dmaa -- Dorell. Ghotmeh. Tane -- East -- Elemental -- Elliott + Associates Architects -- Ben Emmett -- Fantastic Norway -- Thom Faulders -- Norman Foster -- Tony Fretton -- Glowacka Rennie -- Sean Godsell -- Penelope Haralambidou -- Ivan Harbour -- Hawkins\Brown -- Carlos Jim&#xE9;nez -- Eva Jiricna -- Steven Johnson -- Junya Ishigami Associates -- Kristofer Kelly -- Kennedyt Waddle -- Tobias Klein.  -Michael Lehrer -- Alistair Lillystone -- Cj Lim -- Liquid factory -- John Lyall -- Mackenzie Wheeler -- Barrie Marshall -- Stephen Mcgrath -- Alessandro Mendini -- Mi5 architects -- Nagan Jhonsom -- O+A -- O&#xB4;Donnell + Tuomey -- Office Da -- Chad Oppenheim -- Terry Pawson -- Luke Pearson -- Point supreme architecs -- Paul Raff -- Carlo Ratti -- Rocha Tombal -- MarcRolinet -- Narinder Saggoo -- Ken Shuttleworth -- Danecia Sibingo -- Sixteen*(Makers) -- Smaq -- Smout Allen -- Neil Spiller -- Natalia Subotincic -- Toh Shimazaki -- Rafael Vi&#xF1;oly -- Walter Bushe architects -- Mark West -- Ed Williams -- Witherford Watson Mann architects -- Jonathan Woolf -- Ken Yeang -- Yeswecanarchitecture -- Yoshihara Mckee architects -- Website picture credits.</subfield>
  </datafield>
  <datafield tag="526" ind1=" " ind2=" ">
    <subfield code="a">P158</subfield>
  </datafield>
  <datafield tag="526" ind1=" " ind2=" ">
    <subfield code="a">P146</subfield>
  </datafield>
  <datafield tag="526" ind1=" " ind2=" ">
    <subfield code="a">P17</subfield>
  </datafield>
  <datafield tag="526" ind1=" " ind2=" ">
    <subfield code="a">P12</subfield>
  </datafield>
  <datafield tag="526" ind1=" " ind2=" ">
    <subfield code="a">P06</subfield>
  </datafield>
  <datafield tag="541" ind1=" " ind2=" ">
    <subfield code="g">004-000770;</subfield>
  </datafield>
  <datafield tag="650" ind1="1" ind2="4">
    <subfield code="a">Dibujo arquitect&#xF3;nico.</subfield>
  </datafield>
  <datafield tag="650" ind1="2" ind2="4">
    <subfield code="a">Representaci&#xF3;n arquitect&#xF3;nica.</subfield>
  </datafield>
  <datafield tag="910" ind1=" " ind2=" ">
    <subfield code="a">fsr</subfield>
    <subfield code="c">fsr</subfield>
    <subfield code="d">20130107</subfield>
  </datafield>
  <datafield tag="942" ind1=" " ind2=" ">
    <subfield code="2">ddc</subfield>
    <subfield code="c">BOOK</subfield>
  </datafield>
  <datafield tag="949" ind1=" " ind2=" ">
    <subfield code="a">720.22 J72</subfield>
    <subfield code="w">DEWEY</subfield>
    <subfield code="c">1</subfield>
    <subfield code="i">66324</subfield>
    <subfield code="l">CCODEBUL1</subfield>
    <subfield code="m">BUL</subfield>
    <subfield code="p">64.00</subfield>
    <subfield code="r">0</subfield>
    <subfield code="s">Y</subfield>
    <subfield code="t">BOOK</subfield>
    <subfield code="u">2015-7-6</subfield>
    <subfield code="x">INGENIERIA</subfield>
    <subfield code="P">P06</subfield>
    <subfield code="o">.STAFF. Colecci&#xF3;n General</subfield>
  </datafield>
  <datafield tag="994" ind1=" " ind2=" ">
    <subfield code="a">C0</subfield>
    <subfield code="b">PEPRU</subfield>
  </datafield>
  <datafield tag="596" ind1=" " ind2=" ">
    <subfield code="a">1</subfield>
  </datafield>
  <datafield tag="999" ind1=" " ind2=" ">
    <subfield code="a">720.22 J72</subfield>
    <subfield code="w">DEWEY</subfield>
    <subfield code="c">54587</subfield>
    <subfield code="i">66324</subfield>
    <subfield code="d">54587</subfield>
    <subfield code="e">2019-5-20</subfield>
    <subfield code="f">2021-11-9</subfield>
    <subfield code="g">7</subfield>
    <subfield code="l">CCODEBUL1</subfield>
    <subfield code="m">BUL</subfield>
    <subfield code="n">9</subfield>
    <subfield code="p">64.00</subfield>
    <subfield code="q">1</subfield>
    <subfield code="r">0</subfield>
    <subfield code="s">Y</subfield>
    <subfield code="t">BOOK</subfield>
    <subfield code="u">2015-7-6</subfield>
    <subfield code="x">INGENIERIA</subfield>
    <subfield code="P">P06</subfield>
    <subfield code="0">COMPRA</subfield>
    <subfield code="o">.STAFF. Colecci&#xF3;n Ingenier&#xED;a y Arquitectura</subfield>
  </datafield>
  <datafield tag="980" ind1=" " ind2=" ">
    <subfield code="8">1</subfield>
    <subfield code="g">ALBERTO SANCHEZ Responsable de Automatizaci&#xF3;n</subfield>
  </datafield>
  <datafield tag="952" ind1=" " ind2=" ">
    <subfield code="r">2025-12-03 00:00:00</subfield>
    <subfield code="i">8</subfield>
    <subfield code="l">10</subfield>
    <subfield code="o">720.22 J72</subfield>
    <subfield code="p">66324</subfield>
    <subfield code="s">2025-05-29</subfield>
    <subfield code="t">e1</subfield>
    <subfield code="v">69.00</subfield>
    <subfield code="w">2015-07-06</subfield>
    <subfield code="x">FIA</subfield>
    <subfield code="y">BK</subfield>
    <subfield code="z">inventario-2023-12-13</subfield>
    <subfield code="1">0</subfield>
    <subfield code="2">ddc</subfield>
    <subfield code="5">0</subfield>
    <subfield code="7">0</subfield>
    <subfield code="8">GEN</subfield>
    <subfield code="f">P06</subfield>
    <subfield code="a">BUL</subfield>
    <subfield code="b">BUL</subfield>
    <subfield code="c">GEN</subfield>
    <subfield code="d">2015-07-06</subfield>
    <subfield code="e">COMPRA</subfield>
    <subfield code="g">64.00</subfield>
  </datafield>
</record>
